000 00627nam a2200193 a 4500
001 001097371
003 AM-YeHGA
005 20250617151557.0
008 150820s1980 ||| r 000 0 rus d
040 _aAM-YeHGA
041 0 _arus
100 1 _aКочин, Николай Иванович
245 1 0 _aГремячая поляна :
_bРоман /
_cНиколай Кочин.
260 _aМосква :
_bСов. Россия,
_c1980.
300 _a412 с. :
_bпортр.
440 0 _aНижегородская отчина
653 0 _aКрестьянство в Поволжье (х. л.)
090 _c355921
999 _c354104
_d354104